000 00467nam a2200181Ia 4500
008 240925s9999 xx 000 0 und d
020 _a9789339205386
082 _a658.4 HIS
100 _aHisrich, Robert D.
245 0 _aEntrepreneurship
250 _a9th
260 _aNew Delhi:
_bMcGraw Hill Education (India) Private Limited
_c,2014.
300 _a816p.
_b0
_fNA
500 _aIncludes Index
600 _aManagement
650 _aManagement
942 _cBK
999 _c14669
_d14669